书目信息 |
| 题名: |
万能显微镜的调整与修理
|
|
| 作者: | 埃尔瓦伊斯 著 ;董维新 , 吴荣光 译 | |
| 分册: | ||
| 出版信息: | 北京 国防工业出版社 1958 |
|
| 页数: | 138页 | |
| 开本: | 20cm | |
| 丛书名: | ||
| 单 册: | ||
| 中图分类: | TH741.8 | |
| 科图分类: | ||
| 主题词: | 光学仪器 | |
| 电子资源: | ||
| ISBN: | ||
| 000 | 00709nam0 2200217 450 | |
| 001 | 0637775478 | |
| 005 | 20060414103259.45 | |
| 010 | @dCNY0.70 | |
| 100 | @a20060414d1958 km y0chiy0120 ea | |
| 101 | 0 | @achi |
| 102 | @aCN@b110000 | |
| 200 | 1 | @a万能显微镜的调整与修理@Awan neng xian wei jing de diao zheng yu xiu li@fА·В·埃尔瓦伊斯著@FА·В·ai er wa yi si zhu@g董维新,吴荣光译@Gdong wei xin,wu rong guang yi |
| 210 | @a北京@c国防工业出版社@d1958 | |
| 215 | 1 | @a138页@d20cm |
| 606 | 0 | @a光学仪器 |
| 690 | @aTH741.8@v4 | |
| 701 | 0 | @a埃尔瓦伊斯@Aai er wa yi si@4著 |
| 702 | 0 | @a董维新@Adong wei xin@4译 |
| 702 | 0 | @a吴荣光@Awu rong guang@4译 |
| 801 | 0 | @aCN@bPFT@c20060414 |
| 905 | @a10447@dTH741.8@e8 | |
| 万能显微镜的调整与修理/А·В·埃尔瓦伊斯著/董维新,吴荣光译.-北京:国防工业出版社,1958 |
| 138页;20cm |
| ISBN :CNY0.70 |
| ● |
| 相关链接 |
|
|
|
|
正题名:万能显微镜的调整与修理
索取号:TH741.8/8
 
预约/预借
| 序号 | 登录号 | 条形码 | 馆藏地/架位号 | 状态 | 备注 |
| 1 | 0017864 | 202258742 | 密集书库/ [索取号:TH741.8/8] | 在馆 |